El conocimiento filosófico de Dios y la posibilidad del ateísmo (Registro nro. 69497)
[ vista simple ]
| 000 -LÍDER | |
|---|---|
| Campo fijo de descripción fija | 01321nab a2200205 i 4500 |
| 001 - NÚMERO DE CONTROL | |
| Campo de control | 768714001 |
| 003 - IDENTIFICADOR DEL NÚMERO DE CONTROL | |
| Campo de control | CO-MdFUSB |
| 005 - FECHA Y HORA DE LA ULTIMA TRANSACCIÓN | |
| control field | 20240506120219.0 |
| 008 - ELEMENTOS DE LONGITUD FIJA -- INFORMACIÓN GENERAL | |
| Campo fijo de descripción fija -- Información general | 240503t1966 sp ||||| |||| 00| 0 spa d |
| 040 ## - FUENTE DE CATALOGACIÓN | |
| Idioma de catalogación | spa |
| Agencia que realiza la transcripción | CO-MdFUSB |
| Agencia que realiza la modificación | CO-MdFUSB |
| 041 ## - CÓDIGO DE IDIOMA | |
| Código de idioma para texto/pista de sonido o título separado | spa |
| 100 ## - ASIENTO PRINCIPAL--NOMBRE PERSONAL | |
| Nombre personal | Welte, Bernhard, |
| Término relacionador | autor |
| 245 #3 - TÍTULO | |
| Título | El conocimiento filosófico de Dios y la posibilidad del ateísmo |
| Mención de responsabilidad | / Bernhard Welte |
| 520 ## - NOTA DE RESUMEN, ETC. | |
| Nota de sumario, etc. | Este artículo tiene como objetivo esclarecer la posibilidad del conocimiento filosófico de Dios, explorando las posibilidades de descubrir y explicar el itinerarium mentis in Deum desarrollado por la filosofía del momento, que es la fuente primaria de dicho conocimiento. Primero se aclara qué entendemos por conocimiento filosófico de Dios. El conocimiento es el fundamento teórico de la relación fundamental, que es una revelación positiva que conecta el espíritu humano con la realidad eterna. Se explica esta relación básica de tal manera que de ella surja la posibilidad del ateísmo. |
| 650 #7 - ASIENTO SECUNDARIO DE MATERIA - TERMINO TEMÁTICO | |
| Término temático o nombre geográfico como elemento de entrada | Fe |
| 9 (RLIN) | 531 |
| 650 #0 - ASIENTO SECUNDARIO DE MATERIA - TERMINO TEMÁTICO | |
| Término temático o nombre geográfico como elemento de entrada | Cristianismo y ateísmo. |
| 9 (RLIN) | 1246 |
| 773 0# - ASIENTO DE ITEM FUENTE | |
| Biblionumber | 49450 |
| Itemnumber | 82574 |
| Otro identificador del ítem | R2506 |
| Título | Revista internacional de teología Concilium |
| Número de control del registro | (CO-MdFUSB)8 |
| Número Internacional Normalizado para Publicaciones Seriadas (ISSN) | 0210-1041 |
| Parte(s) relacionada(s) / Volumen., número. (mes año), páginas | Número 16, (junio, 1966), páginas: 173 -189 |
| Enumeración y primera página | página: 173 |
| 942 ## - TIPO DE MATERIAL (KOHA) | |
| Tipo de Item KOHA | Artículos de Revista |
| 945 ## - INFORMACIÓN LOCAL DEL REGISTRO | |
| Catalogador | Catherine Arias Álvarez practicante SENA |
No hay ítems disponibles.
